Szczegóły MARC21

Problemy społeczeństwa informacyjnego : monografia : praca T. 1 /

003 -Nazwa inst., której nr kontr. jest w polu 001 [,]
    • @
    • Nazwa instytucji, której n kontrolny jest w polu 001
    • NUKAT
005 -DATA I CZAS OSTATNIEJ MODYFIKACJI [,]
    • @
    • pole kontrolne
    • 20241231095244.0
020 -Międzynarod. znormalizowany nr książki - ISBN [ , ]
    • a
    • Numer ISBN
    • 8360397082 Find
020 -Międzynarod. znormalizowany nr książki - ISBN [ , ]
    • a
    • Numer ISBN
    • 9788360397084 Find
040 -Instytucja sporządzająca opis [ , ]
    • a
    • Instytucja, która sporządziła opis (NP)
    • LUBL U/EK
    • c
    • Instytucja, która sporządziła rekord (NP)
    • LUBL U/EK
    • d
    • Instytucja, która zmodyfikowała rekord (P)
    • LUBL U/EK
    • d
    • Instytucja, która zmodyfikowała rekord (P)
    • WA U/JKs
041 -Język dokumentu [0, ]
    • a
    • Język tekstu (P)
    • polski
    • b
    • Język streszczeń lub abstraktu (P)
    • angielski
942 -Rodzaj dokumentu [ , ]
    • c
    • Rodzaj dokumentu
    • Książka
245 -Strefa tytułu i oznaczenia odpowiedzialności [0,0]
    • a
    • Tytuł
    • Problemy społeczeństwa informacyjnego : Find
    • b
    • Ciąg dalszy tytułu (NP)
    • monografia : praca Find
    • n
    • Oznaczenie części (P)
    • T. 1 /
    • c
    • Pozostałe elementy strefy tytułu i oznaczenia odpowiedzialności (NP)
    • pod red. nauk. Agnieszka Szewczyk ; Uniwersytet Szczeciński. Wydział Nauk Ekonomicznych i Zarządzania. Instytut Informatyki w Zarzadzaniu.
260 -Strefa adresu wydawniczego [ , ]
    • a
    • Miejsce wydania (P)
    • Szczecin :
    • b
    • Nazwa wydawcy (P)
    • Wydawnictwo Printshop,
    • c
    • Data wydania (P)
    • 2007.
300 -Strefa opisu fizycznego [ , ]
    • a
    • Określenie formy książki i/lub objętość (NP)
    • 516 s. :
    • b
    • Oznaczenie ilustracji (NP)
    • rys., wykr. ;
    • c
    • Format (NP)
    • 25 cm.
336 -Typ zawartości [ , ]
    • a
    • Termin opisujący typ zawartości
    • Tekst
    • b
    • Kod określający zawartość
    • txt
    • 2
    • Źródło (terminu i kodu)
    • rdacontent
337 -Typ mediów [ , ]
    • a
    • Tryb odtwarzania
    • Bez urządzenia pośredniczącego
    • b
    • Kod typu mediów
    • n
    • 2
    • Źródło (terminu i kodu)
    • rdamedia
338 -Typ/rodzaj nośnika [ , ]
    • a
    • Hasło opisujące typ nośnika
    • Wolumin
    • b
    • Kod typu nośnika
    • nc
    • 2
    • Źródło (terminu i kodu)
    • rdacarrier
504 -Uwaga dot. bibliogr. załącznikowej [ , ]
    • a
    • Uwaga dot. bibliografii załącznikowej
    • Bibliogr. przy rozdz.
536 -Uwaga dot. finansowania książki [ , ]
    • a
    • Tekst uwagi
    • Wydanie publikacji zostało sfinansowane ze środków Unii Europejskiej w ramach programu ZPORR 1.5.
080 -Uniwersalna Klasyfikacja Dziesiętna [ , ]
    • 2
    • Identyfikator wydania tablic
    • UDC-P022
    • a
    • Symbol klasyfikacji
    • 316.7
    • b
    • Dopowiedzenie
    • Socjologia kultury. Kulturowy kontekst życia społecznego. Kultura różnych społeczeństw. Cywilizacja. Podkultury. Subkultury. Kultury różnych gruop. Dynamika kultury (Akulturacja. Zmiana kulturowa. Rozprzestrzenianie się kultury).
    • x
    • Poddział wspólny
    • (082.1)
    • b
    • Dopowiedzenie
    • (Zbiory prac różnych autorów).
080 -Uniwersalna Klasyfikacja Dziesiętna [ , ]
    • 2
    • Identyfikator wydania tablic
    • UDC-P022
    • a
    • Symbol klasyfikacji
    • 004
    • b
    • Dopowiedzenie
    • Informatyka i technika komputerowa.
    • x
    • Poddział wspólny
    • (082.1)
    • b
    • Dopowiedzenie
    • (Zbiory prac różnych autorów).
650 -Hasło przedmiotowe [ ,7]
    • a
    • Hasło przedmiotowe
    • Społeczeństwo informacyjne
    • z
    • Określnik geograficzny
    • Polska
    • y
    • Określnik chronologiczny
    • 1990-.
    • 2
    • Źródło terminu
    • kaba
    • 9
    • KHW
    • 361083
650 -Hasło przedmiotowe [ ,7]
    • a
    • Hasło przedmiotowe
    • Informatyka
    • x
    • Określnik rzeczowy
    • aspekt społeczny
    • z
    • Określnik geograficzny
    • Polska
    • y
    • Określnik chronologiczny
    • 1990-.
    • 2
    • Źródło terminu
    • kaba
    • 9
    • KHW
    • 579499
980 -Symbol UKD [ , ]
    • a
    • UKD
    • 316.7:004](082.1)
700 -Hasło dodatkowe - nazwa osobowa [1, ]
    • a
    • Nazwa osobowa (NP)
    • Szewczyk, Agnieszka Find
    • d
    • Daty biograficzne (NP)
    • (1952- ).
    • e
    • Określenie rodzaju współpracy
    • Red.
    • 9
    • KHW
    • 46755
920 -ISBN [ , ]
    • a
    • ISBN
    • 83-60397-08-2 Find
920 -ISBN [ , ]
    • a
    • ISBN
    • 978-83-60397-08-4 Find
Data inwentaryzacji Lokalizacja Status udost. Uwagi nie widoczne w OPAC Numer inwentarzowy Sygnatura
2007-06-29BE2 S.92883 
2007-06-29BE-2 S.92884 
2007-06-29BE-2 S.92885 
2007-06-29BE-2 E.70822 
2007-06-29BE2 S.92882 
2007-06-29BG-3 WM.6574 
2007-06-29BG1podr.-socjologiaZ.109011 
2007-06-29BNS1 H.16000 
2007-06-29T-2 T.9516 
2009-10-12T-2 TM.6903TM.6903